000 00610cam a22002293a 4500
001 19090
003 PGUSA
005 20140828083414.0
008 060821s2006||||xxu|||||s|||||000 1 eng d
040 _aPGUSA
_beng
042 _adc
050 4 _aPS
100 1 _aNorton, Andre,
_d1912-2005
245 1 0 _aStar Hunter
_h[electronic resource] /
_cAndre Norton
260 _bProject Gutenberg,
_c2006
506 _aPublic domain in the USA.
516 _aElectronic text
653 _aScience fiction
830 0 _aProject Gutenberg
_v19090
856 4 0 _uhttp://www.gutenberg.org/ebooks/19090
942 _cEB
999 _c248345
_d248345